[Event "FIDE World Cup 2011"]
[Site "Khanty-Mansiysk RUS"]
[Date "2011.09.04"]
[Round "3.2"]
[White "Jobava,Ba"]
[Black "Jakovenko,D"]
[Result "0-1"]
[WhiteElo "2713"]
[BlackElo "2736"]

1.d4 d5 2.c4 c6 3.Nc3 Nf6 4.Nf3 dxc4 5.a4 e6 6.Bg5 Bb4 7.e3 b5 8.Nd2 Bb7
9.axb5 Bxc3 10.bxc3 cxb5 11.Qb1 Qb6 12.e4 Nbd7 13.Be2 O-O 14.O-O Qc6 15.Qb2 a6
16.Rfe1 e5 17.d5 Qc7 18.Qc2 h6 19.Bh4 Qd6 20.Nf1 Nc5 21.Ne3 Bc8 22.f3 Nh5
23.Bxc4 bxc4 24.Nxc4 Qc7 25.d6 Qc6 26.Red1 Nb7 27.Qa4 Qxa4 28.Rxa4 Nc5 29.Ra5 Nd7
30.Nxe5 Nxe5 31.Rxe5 Nf6 32.Ra5 Be6 33.c4 Bxc4 34.e5 Nd7 35.f4 f6 36.exf6 Nxf6
37.Rc5 Bb5  0-1

[Event "22nd St Petersburg-Moscow Match"]
[Site "St Petersburg RUS"]
[Date "2011.09.17"]
[Round "1"]
[White "Jakovenko,D"]
[Black "Sakaev,K"]
[Result "1/2-1/2"]
[WhiteElo "2716"]
[BlackElo "2609"]

1.d4 d5 2.c4 c6 3.Nc3 Nf6 4.e3 a6 5.Qc2 e6 6.Nf3 c5 7.cxd5 exd5 8.Be2 Nc6
9.O-O Be6 10.Rd1 Nb4 11.Qb1 Qc8 12.Bd2 Bf5 13.Qc1 c4 14.a3 Nd3 15.Bxd3 Bxd3
16.Ne5 Bg6 17.e4 dxe4 18.Bf4 b5 19.Nxg6 hxg6 20.Nxe4 Nxe4 21.Qe3 Qe6 22.d5 Bc5
23.dxe6 Bxe3 24.exf7+ Kxf7 25.Bxe3 Rhd8 26.Bb6 Rxd1+ 27.Rxd1 Re8 28.f3 Nf6
29.Kf2 Re5 30.Ba5 Rd5 31.Rd2 Ke6 32.Bc3 Rf5 33.Re2+ Kf7 34.g3 g5 35.Kg2 g4
36.fxg4 Nxg4 37.h3 Nf6 38.Re5 Rxe5 39.Bxe5 Nd5 40.Kf3 g6 41.Ke4 Ke6 42.Kd4 Nb6
43.Bf4 Na4 44.Bc1 Kd6 45.g4 Ke6 46.Ke3 Kd5 47.h4 a5 48.Kf4 Ke6 49.Kg5 Kf7
50.Kh6 c3 51.bxc3 Nxc3 52.Bd2 b4 53.axb4 axb4 54.g5 Nd5 55.Bxb4  1/2-1/2

[Event "22nd St Petersburg-Moscow Match"]
[Site "St Petersburg RUS"]
[Date "2011.09.18"]
[Round "2"]
[White "Sakaev,K"]
[Black "Jakovenko,D"]
[Result "1/2-1/2"]
[WhiteElo "2609"]
[BlackElo "2716"]

1.d4 Nf6 2.c4 e6 3.Nc3 Bb4 4.Qc2 d5 5.a3 Bxc3+ 6.Qxc3 Ne4 7.Qc2 c5 8.dxc5 Nc6
9.e3 Qa5+ 10.Bd2 Nxd2 11.Qxd2 dxc4 12.Qxa5 Nxa5 13.Rc1 b5 14.cxb6 Bb7 15.bxa7 Ke7
16.Ne2 Rxa7 17.Nc3 Rb8 18.Na2 Bd5 19.Nb4 Nc6 20.Nxc6+ Bxc6 21.Rxc4 Ba4 22.Bd3 Rxb2
23.Rc3 Bb5 24.O-O Bxd3 25.Rxd3 Ra2 26.g3 R2xa3 27.Rxa3 Rxa3 28.Rb1 Ra7 29.Rc1 Rb7
30.Rc2 Ra7 31.Rc1 Rb7 32.Rc2 Ra7 33.Rc1  1/2-1/2

[Event "12th Karpov Int"]
[Site "Poikovsky RUS"]
[Date "2011.10.04"]
[Round "1"]
[White "Caruana,F"]
[Black "Jakovenko,D"]
[Result "1-0"]
[WhiteElo "2712"]
[BlackElo "2716"]

1.e4 e5 2.Nf3 Nc6 3.Bb5 a6 4.Ba4 Nf6 5.O-O Be7 6.d3 b5 7.Bb3 d6 8.a4 Bd7
9.c3 O-O 10.Nbd2 Na5 11.Bc2 c5 12.Re1 Re8 13.Nf1 h6 14.Ne3 Bf8 15.h3 Nc6
16.Nh2 b4 17.Nhg4 Nxg4 18.hxg4 Be7 19.Bb3 Be6 20.Bd5 Rc8 21.Nf5 Bg5 22.Bc4 Bxc4
23.dxc4 Re6 24.Bxg5 Qxg5 25.Re3 Rd8 26.Rd3 Kh7 27.Rh3 Rb8 28.Qe2 Rg6 29.Ne3 Ne7
30.Rd1 a5 31.Rh5 Qf6 32.Nf5 bxc3 33.bxc3 Rb6 34.g3 Kg8 35.Kg2 Qe6 36.Rdh1 Rb3
37.Qf3 Rg5 38.R5h2 Nxf5 39.exf5 e4 40.Qf4 Qe7 41.Re1 Rxc3 42.Rxe4 Qb7 43.Kh3 f6
44.Re3 Rb3 45.Rxb3 Qxb3 46.Qe4  1-0

[Event "12th Karpov Int"]
[Site "Poikovsky RUS"]
[Date "2011.10.08"]
[Round "5"]
[White "Efimenko,Z"]
[Black "Jakovenko,D"]
[Result "1/2-1/2"]
[WhiteElo "2703"]
[BlackElo "2716"]

1.e4 e5 2.Nf3 Nc6 3.Bb5 Nf6 4.O-O Nxe4 5.d4 Nd6 6.Bxc6 dxc6 7.dxe5 Nf5 8.Qxd8+ Kxd8
9.Nc3 Ke8 10.Bf4 Be6 11.Rfd1 h6 12.h3 Bb4 13.g4 Ne7 14.Ne4 Bd5 15.Nfd2 Bxd2
16.Nxd2 g5 17.Bg3 c5 18.f3 Ng6 19.Kf2 Rd8 20.Nf1 Bc6 21.Ne3 h5 22.Rxd8+ Kxd8
23.Rd1+ Kc8 24.Nd5 hxg4 25.hxg4 Rd8 26.c4 b5 27.b3 Kb7 28.Ke3 a5 29.Ke4 a4
30.Ke3 axb3 31.axb3 Nf8 32.Ke4 Ng6 33.Rd2 Rd7 34.Bf2 Re7 35.Kf5 Bd7+ 36.Kxg5 Rxe5+
37.Kf6 Re6+ 38.Kg7 Ne5 39.Nf6 Bc8 40.cxb5 Nxf3 41.Rc2 Ng5 42.Bxc5 Ne4 43.Bd4 Nxf6
44.Bxf6 Rb6 45.g5 Be6 46.Bd8 Rxb5 47.Rxc7+ Kb8 48.Rxf7 Bxf7 49.Kxf7 Rxb3
50.g6 Rg3 51.g7  1/2-1/2

[Event "12th Karpov Int"]
[Site "Poikovsky RUS"]
[Date "2011.10.12"]
[Round "8"]
[White "Bruzon Batista,L"]
[Black "Jakovenko,D"]
[Result "1/2-1/2"]
[WhiteElo "2682"]
[BlackElo "2716"]

1.e4 e5 2.Nf3 Nc6 3.Bb5 Nf6 4.O-O Nxe4 5.d4 Nd6 6.Bxc6 dxc6 7.dxe5 Nf5 8.Qxd8+ Kxd8
9.Rd1+ Ke8 10.Nc3 Ne7 11.h3 Ng6 12.a3 Bd7 13.Kh2 Be7 14.Ne4 Rd8 15.Re1 Kf8
16.Bg5 h6 17.Bxe7+ Kxe7 18.Rad1 Bc8 19.Rxd8 Rxd8 20.g4 h5 21.Kg3 Rh8 22.Neg5 c5
23.Re3 b6 24.b4 cxb4 25.axb4 h4+ 26.Kh2 Rd8 27.Rc3 Rd7 28.e6 fxe6 29.Rc6 Nf4
30.Ne5 Rd5 31.Rxc7+ Kd6 32.Rxc8 Kxe5 33.Rf8 Ng6 34.Rf7 a5 35.c4 Rd3 36.bxa5 bxa5
37.Ra7 Ra3 38.c5 Kd5 39.Rd7+ Kc6 40.Rxg7 Nf4 41.Rf7 e5 42.Rf6+ Kxc5 43.Ne6+ Nxe6
44.Rxe6 Kd5 45.Ra6 e4 46.g5 e3 47.fxe3 Rxe3 48.g6 Rg3 49.Rxa5+ Ke6  1/2-1/2

[Event "12th Karpov Int"]
[Site "Poikovsky RUS"]
[Date "2011.10.13"]
[Round "9"]
[White "Jakovenko,D"]
[Black "Laznicka,V"]
[Result "1/2-1/2"]
[WhiteElo "2716"]
[BlackElo "2701"]

1.d4 d5 2.c4 c6 3.Nf3 Nf6 4.e3 a6 5.Bd2 e6 6.Qc2 Nbd7 7.Nc3 dxc4 8.a4 c5
9.Bxc4 cxd4 10.exd4 Be7 11.O-O O-O 12.Rfc1 h6 13.Ba2 Nb6 14.a5 Nbd5 15.Nxd5 exd5
16.Ne5 Be6 17.f3 Bd6 18.Re1 Rc8 19.Qd3 Re8 20.Rad1 Bf8 21.Bb1 Rc7 22.h4 Bd7
23.Nxd7 Rxe1+ 24.Rxe1 Qxd7 25.h5 Qa4 26.b3 Qa3 27.Re8 g6 28.Re5 g5 29.Re2 Bb4
30.Qf5 Rc6 31.Bxg5 hxg5 32.Qxg5+ Kf8 33.Qh6+ Kg8 34.Qg5+ Kf8 35.Qh6+ Kg8
36.Qg5+  1/2-1/2

[Event "Final Russian Rapid GP"]
[Site "Apatity RUS"]
[Date "2011.12.02"]
[Round "1.1"]
[White "Jakovenko,D"]
[Black "Zakhartsov,Vi"]
[Result "1-0"]
[WhiteElo "2729"]
[BlackElo "2580"]

1.e4 c5 2.Nf3 d6 3.d4 cxd4 4.Nxd4 Nf6 5.Nc3 a6 6.Be3 e5 7.Nb3 Be6 8.Qd2 Nbd7
9.f4 b5 10.O-O-O Be7 11.f5 Bc4 12.g4 Nxg4 13.Rg1 Ndf6 14.Kb1 Qc8 15.a3 Nxe3
16.Qxe3 g6 17.Bh3 Bxb3 18.cxb3 Qb7 19.Qh6 b4 20.axb4 Qxb4 21.fxg6 fxg6 22.Be6 Bf8
23.Qh3 Qb7 24.Rgf1 Be7 25.Nd5 Nxd5 26.Bxd5 Qc8 27.Be6 Qb8 28.Rf7 h5 29.Rg7 Ra7
30.Rxg6 Kd8 31.Bc4 Qc8 32.Qg3 Kc7 33.Be6 Qd8 34.Rc1+ Kb8 35.Rc8+ Qxc8 36.Bxc8 Rxc8
37.h4 Rac7 38.Rh6 Rc1+ 39.Ka2 Rh1 40.Rxh5 Rcc1 41.b4 Ra1+ 42.Kb3 Rag1 43.Qe3 Rg8
44.Rh7 Bd8 45.Qa7+  1-0

[Event "65th ch-RUS HL"]
[Site "Tyumen RUS"]
[Date "2012.06.20"]
[Round "5"]
[White "Jakovenko,D"]
[Black "Shimanov,A"]
[Result "1/2-1/2"]
[WhiteElo "2736"]
[BlackElo "2600"]

1.e4 c6 2.d4 d5 3.e5 c5 4.dxc5 Nc6 5.Bb5 e6 6.Be3 Ne7 7.c3 Bd7 8.Bxc6 Bxc6
9.Nf3 Nf5 10.Bd4 a5 11.O-O a4 12.Nbd2 g5 13.Qe2 Ra5 14.Rfd1 g4 15.Ne1 Qg5
16.Nc2 Bxc5 17.b4 Bxd4 18.Nxd4 Nxd4 19.cxd4 Bb5 20.Qe3 Qxe3 21.fxe3 Ra8 22.Rdc1 Kd7
23.Rc5 Bd3 24.Rac1 Rhc8 25.a3 Rxc5 26.Rxc5 h5 27.Kf2 h4 28.e4 dxe4 29.Ke3 b6
30.Rc3 f5 31.exf6 Rf8 32.Nxe4 Bxe4 33.Kxe4 Rxf6 34.h3 gxh3 35.Rxh3 Rf2 36.Rxh4 Rxg2
37.d5 exd5+ 38.Kxd5 Rg5+ 39.Kc4 b5+ 40.Kd4 Kc6  1/2-1/2

[Event "8th RUS-CHN Summit Men Rapid"]
[Site "St Petersburg RUS"]
[Date "2012.07.07"]
[Round "1"]
[White "Wang Hao"]
[Black "Jakovenko,D"]
[Result "0-1"]
[WhiteElo "2739"]
[BlackElo "2736"]

1.d4 d5 2.c4 c6 3.Nf3 Nf6 4.e3 Bg4 5.h3 Bh5 6.Nc3 e6 7.g4 Bg6 8.Ne5 Nbd7
9.h4 dxc4 10.Nxg6 hxg6 11.g5 Nd5 12.Bxc4 Bb4 13.Bd2 Qe7 14.Qf3 O-O-O 15.Bb3 Kb8
16.e4 Nxc3 17.bxc3 Ba5 18.Rb1 Ka8 19.e5 Nb6 20.Qd3 Qd7 21.Bd1 c5 22.Rb5 cxd4
23.Rxa5 dxc3 24.Qxd7 cxd2+ 25.Qxd2 Rxd2 26.Kxd2 Nc4+ 27.Kc3 Nxa5 28.Bf3 Kb8
29.Kb4 b6 30.Kb5 Rc8 31.h5 Rc5+ 32.Kb4 gxh5 33.Rxh5 Rxe5 34.Rh8+ Kc7 35.g6 Rf5
36.gxf7 Rxf7 37.Rh3 Nc6+ 38.Bxc6 Kxc6 39.Rc3+ Kd5 40.f3 g5 41.Kb5 Kd4 42.Rb3 Ke5
43.Kc6 Kf4 44.Kd6 Kg3 45.Ra3 a5 46.Rb3 Rxf3 47.Rxb6 Ra3  0-1

[Event "8th RUS-CHN Summit Men Rapid"]
[Site "St Petersburg RUS"]
[Date "2012.07.07"]
[Round "2"]
[White "Ding Liren"]
[Black "Jakovenko,D"]
[Result "0-1"]
[WhiteElo "2680"]
[BlackElo "2736"]

1.d4 d5 2.c4 c6 3.Nc3 Nf6 4.Nf3 dxc4 5.a4 e6 6.e3 c5 7.Bxc4 Nc6 8.O-O cxd4
9.exd4 Be7 10.Qe2 O-O 11.Rd1 Nb4 12.Ne5 Bd7 13.a5 Rc8 14.a6 bxa6 15.Bxa6 Nxa6
16.Rxa6 Rc7 17.Bf4 Bc8 18.Rc6 Rb7 19.h3 Rb4 20.Ra1 Bb7 21.Rc4 a5 22.Nc6 Bxc6
23.Rxc6 Rxd4 24.Be3 Rb4 25.Ra6 Nd5 26.Nxd5 exd5 27.R6xa5 d4 28.Bc1 d3 29.Qd1 Bf6
30.R1a4 Rxa4 31.Rxa4 Qd5 32.b4 Bd4 33.Ra3 Rd8 34.Bd2 h5 35.Kf1 Qc4 36.Qb3 Qc8
37.Ra5 Qc2 38.Qxc2 dxc2 39.Ke2 Bc3 40.Bc1 Bxb4 41.Rb5 Rd1 42.Rxb4 Rxc1 43.Rc4 h4
44.Kd3 Rg1 45.Rxc2 Rxg2 46.Ke2 Rh2 47.Rc3 Rh1 48.f4 Kh7 49.Kf2 Kg6 50.Kg2 Rd1
51.Rc5 f6 52.f5+ Kg5 53.Rc7 Rd2+ 54.Kg1 Kxf5 55.Rxg7 Rd4 56.Kg2 Kf4 57.Ra7 Rd2+
58.Kf1 f5 59.Ra4+ Ke3 60.Rxh4 f4 61.Rh8 Rd1+ 62.Kg2 f3+  0-1

[Event "8th RUS-CHN Summit Men Rapid"]
[Site "St Petersburg RUS"]
[Date "2012.07.07"]
[Round "3"]
[White "Jakovenko,D"]
[Black "Yu Yangyi"]
[Result "0-1"]
[WhiteElo "2736"]
[BlackElo "2656"]

1.d4 Nf6 2.c4 e6 3.Nf3 d5 4.Nc3 Bb4 5.e3 O-O 6.Bd3 c5 7.O-O cxd4 8.exd4 dxc4
9.Bxc4 b6 10.Qe2 Bb7 11.Rd1 Bxc3 12.bxc3 Qc7 13.Bd3 Nbd7 14.c4 Rfe8 15.Bg5 e5
16.Bxf6 Bxf3 17.Qxf3 Nxf6 18.Bf1 exd4 19.Rxd4 Rad8 20.Rad1 Rxd4 21.Rxd4 Qe5
22.Qd3 g6 23.g3 Kg7 24.a3 h5 25.h3 Re7 26.Rd8 Re8 27.Rd4 Ne4 28.Rd5 Qb2 29.Qd4+ Qxd4
30.Rxd4 Nc5 31.Rd1 Re7 32.Kg2 Kf6 33.h4 Rd7 34.Rxd7 Nxd7 35.Kf3 Ke5 36.Ke3 Nf6
37.f3 Ng8 38.g4 Nh6 39.Be2 hxg4 40.fxg4 f5 41.g5 f4+ 42.Kd3 Nf5 43.h5 gxh5
44.Bxh5 Ng3 45.Bg6 Nf5 46.Ke2 Nd4+ 47.Kd3 Ne6 48.Bf7 Nxg5 49.Bd5 Ne6 50.Ba8 Nc5+
51.Kc3 Ne6 52.Kd3 Nd4 53.Bb7 a5 54.Ba8 f3 55.Ke3 Nc2+ 56.Kxf3  0-1

[Event "8th RUS-CHN Summit Men Rapid"]
[Site "St Petersburg RUS"]
[Date "2012.07.08"]
[Round "6"]
[White "Jakovenko,D"]
[Black "Wang Hao"]
[Result "1/2-1/2"]
[WhiteElo "2736"]
[BlackElo "2739"]

1.d4 Nf6 2.c4 g6 3.Nf3 Bg7 4.g3 O-O 5.Bg2 d6 6.O-O Nc6 7.Nc3 a6 8.e3 Rb8
9.Qe2 e6 10.b3 b5 11.Bb2 bxc4 12.Qxc4 Nb4 13.a3 Nbd5 14.b4 a5 15.b5 c6 16.a4 cxb5
17.axb5 Bd7 18.Rfb1 Nb4 19.Bf1 Qb6 20.Ba3 Rfc8 21.Qb3 Nfd5 22.Nxd5 Nxd5 23.Nd2 Bf8
24.Nc4 Qxb5 25.Qxb5 Rxb5 26.Rxb5 Bxb5 27.Nxa5 Bxf1 28.Kxf1 Ra8 29.Nb3  1/2-1/2

[Event "8th RUS-CHN Summit Men Rapid"]
[Site "St Petersburg RUS"]
[Date "2012.07.08"]
[Round "7"]
[White "Jakovenko,D"]
[Black "Ding Liren"]
[Result "0-1"]
[WhiteElo "2736"]
[BlackElo "2680"]

1.d4 Nf6 2.c4 g6 3.Nc3 Bg7 4.e4 d6 5.Nf3 O-O 6.h3 e5 7.d5 Nh5 8.g3 Qe8 9.Be2 f5
10.exf5 gxf5 11.Ng5 Nf6 12.g4 f4 13.Nge4 Na6 14.Bd3 Nc5 15.Nxc5 dxc5 16.Qc2 b5
17.Ne4 bxc4 18.Nxf6+ Rxf6 19.Bxh7+ Kh8 20.Be4 Rb8 21.Bd2 Bd7 22.Bc3 Ba4 23.Qe2 c6
24.dxc6 f3 25.Qe3 Rf4 26.c7 Rc8 27.O-O Qf7 28.Rfe1 Rxc7 29.b3 Bd7 30.bxc4 Bxg4
31.hxg4 Rxg4+ 32.Kf1 Rxe4 33.Qxe4 Qh5 34.Qa8+ Kh7 35.Qe4+ Kg8  0-1

[Event "8th RUS-CHN Summit Men Rapid"]
[Site "St Petersburg RUS"]
[Date "2012.07.08"]
[Round "8"]
[White "Yu Yangyi"]
[Black "Jakovenko,D"]
[Result "1/2-1/2"]
[WhiteElo "2656"]
[BlackElo "2736"]

1.e4 e5 2.Nf3 Nc6 3.Bb5 Nf6 4.Qe2 a6 5.Bxc6 dxc6 6.O-O Bg4 7.h3 Bxf3 8.Qxf3 Bd6
9.d3 Nd7 10.Qg3 O-O 11.Nd2 f6 12.Nc4 Nc5 13.Qg4 Qe7 14.f4 exf4 15.Bxf4 Bxf4
16.Rxf4 Ne6 17.Rf2 Kh8 18.Raf1 Rae8 19.Kh1 Nd4 20.a3 Nb5 21.Ne3 Nd6 22.Nf5 Nxf5
23.Rxf5 Kg8 24.a4 Qd6 25.b3 Re5 26.Rxe5 Qxe5 27.Qd7 Qd6 28.Qf5  1/2-1/2

[Event "8th RUS-CHN Summit Men Rapid"]
[Site "St Petersburg RUS"]
[Date "2012.07.08"]
[Round "9"]
[White "Li Chao2"]
[Black "Jakovenko,D"]
[Result "0-1"]
[WhiteElo "2687"]
[BlackElo "2736"]

1.Nf3 d5 2.d4 Nf6 3.c4 c6 4.Nc3 dxc4 5.a4 e6 6.Bg5 Bb4 7.g3 Nbd7 8.Bg2 h6
9.Bxf6 Nxf6 10.O-O O-O 11.Ne5 c5 12.Na2 a5 13.Nxb4 cxb4 14.Rc1 Nd5 15.Rxc4 Bd7
16.Rc5 Be8 17.e4 Nf6 18.b3 b6 19.Rc1 b5 20.Nc6 Bxc6 21.Rxc6 bxa4 22.bxa4 Rc8
23.Ra6 Rc4 24.d5 Nxe4 25.dxe6 Qxd1 26.exf7+ Rxf7 27.Rxd1 b3 28.Rxa5 b2 29.Bxe4 Rxe4
30.Rb5 Re2 31.Rf1 Rc2 32.Kg2 g5 33.h3 Kg7 34.a5 Rf6 35.g4 Kg6 36.Kg3 Rd6
37.Rb3 Rc1  0-1

[Event "40th Olympiad Open"]
[Site "Istanbul TUR"]
[Date "2012.08.31"]
[Round "4.2"]
[White "Li Chao2"]
[Black "Jakovenko,D"]
[Result "0-1"]
[WhiteElo "2665"]
[BlackElo "2722"]

1.d4 d5 2.c4 c6 3.Nf3 Nf6 4.Nc3 dxc4 5.a4 e6 6.e4 Bb4 7.Qc2 b5 8.Be2 Bb7
9.O-O a6 10.b3 cxb3 11.Qxb3 Be7 12.Ba3 O-O 13.e5 Bxa3 14.Qxa3 Nd5 15.Ne4 b4
16.Qc1 a5 17.Nd6 Nc3 18.Re1 Ba6 19.Bd1 Bd3 20.Qe3 Bg6 21.Bb3 Nd7 22.Ng5 h6
23.Nh3 Nb6 24.f4 Nbd5 25.Qf2 Bf5 26.Kh1 Qe7 27.Ng1 Rfd8 28.Qf3 Rxd6 29.exd6 Qxd6
30.g4 Bh7 31.f5 Qf4 32.Re5 Qxf3+ 33.Nxf3 Kf8 34.Nh4 Ke7 35.Rae1 Kd6 36.Nf3 Nf4
37.Bc2 Bg8 38.Nd2 Nfd5 39.Nc4+ Kc7 40.fxe6 f6 41.Rf5 Re8 42.Rff1 Rxe6 43.Nxa5 Ne2
44.Bf5 Re7 45.Bd3 Nxd4 46.Rxe7+ Nxe7 47.Bc4 Kb6 48.Bxg8 Kxa5 49.Bf7 Kxa4
50.Re1 Nd5 51.Rd1 Nb5 52.Be8 b3 53.Bxc6 Nc3 54.Rd2 Ka3 55.Bd7 Ne4 56.Rd5 Nbd6
57.Ra5+ Kb4 58.Ra8 b2 59.Rb8+ Kc3 60.Be6 Kc2 61.Bb3+ Kc1  0-1

[Event "13th Karpov GM"]
[Site "Poikovsky RUS"]
[Date "2012.09.30"]
[Round "3"]
[White "Jakovenko,D"]
[Black "Rublevsky,S"]
[Result "1/2-1/2"]
[WhiteElo "2724"]
[BlackElo "2693"]

1.d4 d5 2.c4 dxc4 3.e4 e5 4.Nf3 Bb4+ 5.Bd2 Bxd2+ 6.Nbxd2 exd4 7.Bxc4 Qf6
8.O-O Ne7 9.e5 Qg6 10.Nxd4 Nbc6 11.N2f3 O-O 12.Bd3 Qh5 13.Re1 Rd8 14.Nxc6 Nxc6
15.Qb3 Rb8 16.Be4 Be6 17.Qb5 g5 18.Qc5 g4 19.Bxc6 bxc6 20.Nd4 Rd5 21.Qxa7 Rxb2
22.Nxe6 fxe6 23.Qxc7 Rdd2 24.Rf1 Qf5 25.Qxc6 Rxa2 26.Rxa2 Rxa2 27.Qc3 h5
28.f3 Rc2 29.Qe3 h4 30.Rd1 gxf3 31.Qxf3 Qxf3 32.gxf3 h3 33.Rd7  1/2-1/2

[Event "13th Karpov GM"]
[Site "Poikovsky RUS"]
[Date "2012.10.04"]
[Round "6"]
[White "Jakovenko,D"]
[Black "Ponomariov,R"]
[Result "1/2-1/2"]
[WhiteElo "2724"]
[BlackElo "2729"]

1.d4 d5 2.c4 dxc4 3.Nf3 Nf6 4.e3 e6 5.Bxc4 c5 6.O-O a6 7.dxc5 Bxc5 8.Qxd8+ Kxd8
9.Ne5 Ke7 10.Be2 Nbd7 11.Nc4 a5 12.Nc3 b6 13.Na4 Ba6 14.Nxc5 bxc5 15.b3 Rhb8
16.Bb2 a4 17.Rfc1 Ne8 18.Rab1 axb3 19.axb3 f6 20.Rd1  1/2-1/2

[Event "13th Karpov GM"]
[Site "Poikovsky RUS"]
[Date "2012.10.05"]
[Round "7"]
[White "Bruzon Batista,L"]
[Black "Jakovenko,D"]
[Result "1/2-1/2"]
[WhiteElo "2713"]
[BlackElo "2724"]

1.d4 d5 2.c4 c6 3.Nc3 Nf6 4.cxd5 cxd5 5.Bf4 Nc6 6.e3 a6 7.Bd3 Bg4 8.Nge2 e6
9.Rc1 Bd6 10.f3 Bh5 11.O-O Bg6 12.Na4 Bxd3 13.Qxd3 Bxf4 14.Nxf4 O-O 15.Nc5 Qe7
16.Qd2 Rfd8 17.Nfd3 e5 18.dxe5 Nxe5 19.Nxe5 Qxe5 20.Rfd1 Re8 21.Rc3 Rac8
22.Rdc1 Qe7 23.Nb3 Rxc3 24.Rxc3 h5 25.Nd4 Qe5 26.Qf2 g6 27.Qg3 Qxg3 28.hxg3 Kf8
29.Kf2 Re7 30.Rc8+ Re8 31.Rc5 Rd8 32.Ke2 Ke7 33.Rc7+ Rd7 34.Rc8 Rd8 35.Rc3 Kd6
36.Rb3 Kc7 37.Rc3+ Kd6 38.Rb3 Kc7 39.Rc3+  1/2-1/2

[Event "13th Karpov GM"]
[Site "Poikovsky RUS"]
[Date "2012.10.06"]
[Round "8"]
[White "Jakovenko,D"]
[Black "Wojtaszek,R"]
[Result "1/2-1/2"]
[WhiteElo "2724"]
[BlackElo "2713"]

1.d4 Nf6 2.c4 e6 3.Nf3 d5 4.Nc3 Bb4 5.cxd5 exd5 6.Qa4+ Nc6 7.Bg5 h6 8.Bxf6 Qxf6
9.e3 O-O 10.Be2 Be6 11.a3 Bd6 12.Nb5 Bg4 13.Nxd6  1/2-1/2

[Event "Siberian Bank Cup"]
[Site "Novosibirsk RUS"]
[Date "2012.11.17"]
[Round "1"]
[White "Jakovenko,D"]
[Black "Andreikin,D"]
[Result "1-0"]
[WhiteElo "2741"]
[BlackElo "2723"]

1.Nf3 g6 2.d4 Bg7 3.c4 d6 4.Nc3 Bg4 5.g3 Bxf3 6.exf3 Nf6 7.Bg2 c6 8.d5 cxd5
9.cxd5 O-O 10.O-O Na6 11.Be3 Nd7 12.Re1 Re8 13.f4 Nb6 14.Bd4 Bxd4 15.Qxd4 Rc8
16.Re2 Qd7 17.Rae1 Nc5 18.h4 Nca4 19.Ne4 Nc5 20.Ng5 Rc7 21.b4 Nca4 22.h5 Rc4
23.Qd2 Qc7 24.hxg6 hxg6 25.f5 gxf5 26.Ne6 fxe6 27.Qg5+ Kf8 28.Qh6+ Kf7 29.dxe6+  1-0

[Event "Siberian Bank Cup"]
[Site "Novosibirsk RUS"]
[Date "2012.11.17"]
[Round "2"]
[White "Nepomniachtchi,I"]
[Black "Jakovenko,D"]
[Result "0-1"]
[WhiteElo "2707"]
[BlackElo "2741"]

1.e4 e5 2.Nf3 Nc6 3.c3 d5 4.Qa4 f6 5.d3 Be6 6.Nbd2 Bd6 7.Be2 Ne7 8.O-O O-O
9.Rd1 Qe8 10.Qb3 a6 11.d4 Kh8 12.c4 dxc4 13.Bxc4 Na5 14.Qc2 Nxc4 15.Nxc4 Bg4
16.Qe2 Nc6 17.Be3 f5 18.dxe5 fxe4 19.exd6 exf3 20.Qd3 Bf5 21.Qd5 Qg6 22.Qxf3 Bg4
23.Qg3 Bxd1 24.Qxg6 hxg6 25.Rxd1 cxd6 26.h3 Rf6 27.Bg5 Re6 28.Nxd6 b5 29.Be3 Kg8
30.Nb7 Ne5 31.b3 Rc8 32.Nc5 Rec6 33.Rd5 Nf7 34.a4 bxa4 35.Nxa4 Rb8 36.Rd3 Rd8
37.Rxd8+ Nxd8 38.Kf1 Rc2 39.Nc5 Ra2 40.Ke1 Nc6 41.Kd1 Nb4 42.Kc1 Kf7 43.Bd4 Nc6
44.Bb2 Ra5 45.Ne4 Rd5 46.Bc3 Nd8 47.g3 g5 48.Kc2 Ne6 49.b4 Kg6 50.Nd2 Nd4+
51.Bxd4 Rxd4 52.Kc3 Rd8 53.Ne4 Kf5 54.Nc5 Rd6 55.Kb3 Ke5 56.Kc4 Rh6 57.Kd3 Kd5
58.Ne4 Rb6 59.Nc3+ Ke5 60.f4+ gxf4 61.gxf4+ Kf5 62.Nd5 Rh6 63.Kd4 Rxh3 64.Nc7 Rh6
65.Ke3 Rb6 66.Nd5 Rb5 67.Ne7+ Kf6 68.Nc6 Rb6 69.Kd4  0-1

[Event "Siberian Bank Cup"]
[Site "Novosibirsk RUS"]
[Date "2012.11.17"]
[Round "3"]
[White "Jakovenko,D"]
[Black "Maletin,P"]
[Result "1/2-1/2"]
[WhiteElo "2741"]
[BlackElo "2567"]

1.d4 Nf6 2.c4 g6 3.Nc3 d5 4.Nf3 Bg7 5.Qb3 dxc4 6.Qxc4 O-O 7.e4 Nc6 8.Be2 Bg4
9.d5 Na5 10.Qa4 Bxf3 11.Bxf3 c6 12.O-O b5 13.Qb4 a6 14.Rd1 Nd7 15.Be3 c5
16.Bxc5 Nxc5 17.Qxc5 Rc8 18.Qa7 Nc4 19.d6 exd6 20.Nd5 Ra8 21.Qb7 Nxb2 22.Rf1 Nd3
23.Rad1 Nc5 24.Qc6 Be5 25.Ne3 Rc8 26.Qd5 Na4 27.Rd3 Nc3 28.Qb3 h5 29.Nd5 Nxd5
30.Rxd5 Rc3 31.Qd1 Qf6 32.Rd3 Rfc8 33.Be2 Qf4 34.g3 Qxe4 35.Rd2 h4 36.Bd3 Qb4
37.Qe2 Rc1 38.Rdd1 Rxd1 39.Rxd1 hxg3 40.hxg3 Kg7 41.Kg2 Qb2 42.Rd2 Qa1 43.Be4 Rc1
44.Kh2 Re1 45.Qf3 Qc3 46.Rd1 Qxf3 47.Bxf3 Rxd1 48.Bxd1 g5 49.Kg2 Kf6 50.Bb3 a5
51.Bd5 b4 52.Bb3 Bd4 53.f3 Bc5 54.Kf1 Ke5 55.f4+ gxf4 56.gxf4+ Kd4 57.Bxf7 a4
58.Ke2 Kc3 59.Kd1 Kb2 60.f5 Bd4 61.Kd2 Bf6 62.Kd3 b3 63.axb3 axb3 64.Ke4 Ka3
65.Bxb3 Kxb3  1/2-1/2

[Event "Siberian Bank Cup"]
[Site "Novosibirsk RUS"]
[Date "2012.11.17"]
[Round "5"]
[White "Jakovenko,D"]
[Black "Bareev,E"]
[Result "1-0"]
[WhiteElo "2741"]
[BlackElo "2663"]

1.d4 e6 2.c4 f5 3.Nf3 Nf6 4.g3 d5 5.Bg2 c6 6.O-O Bd6 7.b3 Qe7 8.Bb2 O-O 9.Qc1 b6
10.Ba3 Bb7 11.Bxd6 Qxd6 12.Rd1 Nbd7 13.Nc3 Rac8 14.e3 Rfd8 15.Qb2 c5 16.Qa3 a5
17.Nb5 Qf8 18.Ne5 cxd4 19.Qxf8+ Kxf8 20.exd4 Ba8 21.Rac1 Ke7 22.cxd5 Nxd5
23.Na7 Rxc1 24.Rxc1 Nxe5 25.dxe5 Nb4 26.Nc8+  1-0

[Event "Siberian Bank Cup"]
[Site "Novosibirsk RUS"]
[Date "2012.11.17"]
[Round "6"]
[White "Inarkiev,E"]
[Black "Jakovenko,D"]
[Result "1/2-1/2"]
[WhiteElo "2693"]
[BlackElo "2741"]

1.e4 e5 2.Nf3 Nc6 3.Bb5 Nf6 4.O-O Nxe4 5.d4 Nd6 6.Bxc6 dxc6 7.dxe5 Nf5 8.Qxd8+ Kxd8
9.Rd1+ Ke8 10.Nc3 Ne7 11.h3 Ng6 12.Ne2 Be7 13.b3 Bd7 14.Bb2 Rd8 15.c4 h5
16.Rd2 Bc8 17.Rad1 Rxd2 18.Nxd2 h4 19.Bd4 Rh5 20.f4 c5 21.Be3 b6 22.Ne4 Bb7
23.N2c3 Bd8 24.Nd5 Bc8 25.Kf2 Rh8 26.Kf3 Bb7 27.Kf2 Bc8 28.Bc1 Be6 29.Kf3 Rh5
30.Ne3 Bc8 31.Nd5 Be6 32.Ne3 Bc8 33.Nd5 Be6  1/2-1/2

[Event "Siberian Bank Cup"]
[Site "Novosibirsk RUS"]
[Date "2012.11.18"]
[Round "7"]
[White "Jakovenko,D"]
[Black "Malakhov,V"]
[Result "1/2-1/2"]
[WhiteElo "2741"]
[BlackElo "2709"]

1.e4 e5 2.Nf3 Nc6 3.Bb5 Nf6 4.O-O Nxe4 5.Re1 Nd6 6.Nxe5 Be7 7.Bf1 O-O 8.d4 Nf5
9.Nf3 d5 10.c3 Bd6 11.Bd3 h6 12.Nbd2 Be6 13.Nf1 Qf6 14.Bd2 Rae8 15.h3 Nh4
16.Nxh4 Qxh4 17.Qf3 Ne7 18.Ng3 c6 19.Re2 Ng6 20.Nf5 Bxf5 21.Rxe8 Rxe8 22.Qxf5 Re6
23.Re1 Rxe1+ 24.Bxe1 Qd8 25.Bd2 Nf8 26.Qg4 Qd7 27.Bf5 Qe7 28.g3 Kh8 29.Kg2 Ne6
30.Bd3 Qf6 31.h4 Bf8 32.h5 Kg8 33.Qf5 Qxf5 34.Bxf5 Bd6 35.f4 Kf8 36.Kf3 Ke7
37.Be3 Bc7 38.Bd3 b5 39.Bf5 Bb6 40.Ke2 a5 41.b3 Nd8 42.g4 Nb7 43.g5 Nd6 44.Bd3 f5
45.gxf6+ Kxf6 46.Kf3 a4 47.b4 Bd8 48.Bf2 Ke6 49.Kg4 Bf6 50.Be1 Ke7 51.Kf3  1/2-1/2

[Event "Siberian Bank Cup"]
[Site "Novosibirsk RUS"]
[Date "2012.11.18"]
[Round "8"]
[White "Rublevsky,S"]
[Black "Jakovenko,D"]
[Result "1/2-1/2"]
[WhiteElo "2688"]
[BlackElo "2741"]

1.e4 e5 2.Bc4 Nc6 3.d3 Nf6 4.Nc3 Na5 5.Nge2 Nxc4 6.dxc4 Bc5 7.h3 d6 8.Qd3 Be6
9.b3 Qe7 10.Be3 Bxe3 11.Qxe3 O-O 12.O-O Nd7 13.a4 a6 14.Rad1 f5 15.exf5 Rxf5
16.Ng3 Rf7 17.Nge4 h6 18.Nd5 Bxd5 19.Rxd5 Qe6 20.Rfd1 Raf8 21.f3 Qg6 22.Kh2 Nf6
23.Nxf6+ Rxf6 24.R1d2 Rf4 25.c5 dxc5 26.Rxe5 c4 27.Re7 R4f7 28.bxc4 Qc6 29.Rxf7 Rxf7
30.Rd8+ Rf8 31.Rxf8+ Kxf8 32.Qa3+ Kg8 33.Qb4 b6 34.f4 Qe4 35.Qb3 Qxf4+ 36.Kh1  1/2-1/2

[Event "Russia Cup Final 2012"]
[Site "Khanty-Mansiisk RUS"]
[Date "2012.12.04"]
[Round "1.1"]
[White "Onischuk,V"]
[Black "Jakovenko,D"]
[Result "1/2-1/2"]
[WhiteElo "2560"]
[BlackElo "2741"]

1.Nf3 c5 2.g3 g6 3.Bg2 Bg7 4.O-O Nc6 5.d3 d6 6.a3 e6 7.c4 Nge7 8.Nc3 b6 9.Bd2 Bb7
10.Rb1 O-O 11.b4 Qd7 12.Nb5 Rad8 13.Qc1 Rfe8 14.Rd1 Qc8 15.Bg5 Rd7 16.e4 Qb8
17.Bf4 Qd8 18.h4 h5 19.Bg5 a6 20.Nc3 Nd4 21.bxc5 Nxf3+ 22.Bxf3 bxc5 23.Ne2 Kh7
24.Bg2 Qc7 25.Qc2 Nc6 26.Rb3 Ne5 27.Rdb1 Bc6 28.Nc3 Ng4 29.Bh3 f5 30.Bxg4 hxg4
31.Rb6 Rf8 32.Rxa6 fxe4 33.Nxe4 Bxe4 34.dxe4 Bd4 35.Bf4 e5 36.Be3 Bxe3 37.fxe3 Rf3
38.Kg2 Qd8 39.Qe2 Rdf7 40.Rb2 Qf8 41.Rd2 Kh6 42.Rb6 Kh5 43.Rb1 g5 44.Rh1 gxh4
45.Rxh4+ Kg5 46.Rh1 R7f6 47.Rb2 Qf7 48.Rd2 Rf2+ 49.Qxf2 Rxf2+ 50.Rxf2 Qxc4
51.Rh8 Qxe4+ 52.Kh2 c4 53.Rff8 Qc2+ 54.Kg1 Qc1+ 55.Kf2 Qd2+ 56.Kf1 Qd3+ 57.Kf2 Qd2+
58.Kf1 Qd1+ 59.Kf2 Qc2+ 60.Ke1 Qb1+ 61.Ke2 Qd3+  1/2-1/2

[Event "Russia Cup Final 2012"]
[Site "Khanty-Mansiisk RUS"]
[Date "2012.12.05"]
[Round "1.2"]
[White "Jakovenko,D"]
[Black "Onischuk,V"]
[Result "1-0"]
[WhiteElo "2741"]
[BlackElo "2560"]

1.d4 d6 2.Nf3 g6 3.c4 Bg7 4.Nc3 Nc6 5.d5 Ne5 6.Nxe5 Bxe5 7.e4 Nf6 8.Bd3 O-O
9.Ne2 Nd7 10.O-O Nc5 11.Bc2 a5 12.Rb1 c6 13.Bh6 Re8 14.f4 Bh8 15.Ng3 cxd5
16.cxd5 e6 17.f5 exf5 18.exf5 Qh4 19.Bf4 Be5 20.Qd2 Bd7 21.Bxe5 Rxe5 22.Rf4 Qg5
23.Rbf1 Bb5 24.R1f3 Rae8 25.h4 Qh6 26.Qd4 Be2 27.Rf2 Qg7 28.Qd2 Qh6 29.Qd4 Qg7
30.a3 Bb5 31.b4 Re1+ 32.Kh2 Qxd4 33.Rxd4 axb4 34.axb4 Nd7 35.Ne4 Be2 36.Nxd6 Re3
37.Nxf7 Nf6 38.fxg6 Kg7 39.Rxf6  1-0